| 000 | 00471cam a2200205ua 4500 | ||
|---|---|---|---|
| 020 | _c110.00 | ||
| 041 |
_aeng _h |
||
| 082 |
_a636 _bHAM/HA |
||
| 100 | _aHammond, F . | ||
| 245 |
_aHammond`s farm animals / _cF.Hammond. _hTextual Documents |
||
| 250 |
_a5 / _b. |
||
| 260 |
_a : _bELBS , _c1983. |
||
| 300 | _a305 ; . | ||
| 365 | _a110.00 | ||
| 504 | _a | ||
| 700 | 1 | _aBowman, F.C . | |
| 700 | 1 | _aRobinson, T.R . | |
| 942 | _cBK | ||
| 999 |
_c1642 _d1642 |
||